• 首页
  • 本馆介绍
  • 公告通知
  • 最新文献
  • 馆藏检索
  • 电子资源
  • 读者导购
  • 参考咨询
  • 我的图书馆
  • 登录
  • 详细信息显示
  • 放入我的书架
  • 预约/预借图书
  • 作者相关作品
  • 分类相关作品
  • 丛书相关作品
  • 出版社相关作品

书目信息

  • 表格格式
  • 工作单格式
  • 卡片格式
题名:
聊斋故事演义续编
    
 
作者: 蒲松龄 著 ;刘肇霖 改编
分册:  
出版信息: 北京   新华出版社  1985
页数: 500页
开本: 19cm
丛书名:
单 册:
中图分类: I242.7 , I242.3
科图分类:
主题词: 短篇小说--中国--清代--选集
电子资源:
ISBN:
000 00729nam0 2200265 45
001 0185005620
005 20040420151802.2
010    @dCNY2.80
091    @a10203.168
100    @a19901106d1985 em y0chiy0121 ea
101 0  @achi
102    @aCN@b110000
105    @ay z 000ay
106    @ar
200 10 @a聊斋故事演义续编@Aliao zhai gu shi yan yi xu bian@f(清)蒲松龄著@g刘肇霖改编
210    @a北京@c新华出版社@d1985
215    @a500页@d19cm
606    @a短篇小说@y中国@z清代@x选集
690    @aI242.7@v3
690    @aI242.3
701  0 @a蒲松龄@Apu song ling@f清@4著
702  0 @a刘肇霖@Aliu zhao lin@4改编
801  0 @aCN@b深圳图书馆@c20040420
801  2 @aCN@bNLC@c20040420
905    @f1@b242624@dI242.3@e1:2
    
    聊斋故事演义续编/(清)蒲松龄著/刘肇霖改编.-北京:新华出版社,1985
    500页;19cm
    
    
    ISBN :CNY2.80
    
●
相关链接 在E读中查询图书 在五车中查询图书 在当当中查询图书 在豆瓣中查询图书


正题名:聊斋故事演义续编     索取号:I242.3/1:2         预约/预借

序号 登录号 条形码 馆藏地/架位号 状态 备注
1 0242621   000180878   第二借阅区/ [索取号:I242.3/1:2] 在馆    
2 0242622   000783646   第二借阅区/ [索取号:I242.3/1:2] 在馆    
3 0242623   000061541   第二借阅区/ [索取号:I242.3/1:2] 在馆    
4 0242624   000180814   第二借阅区/ [索取号:I242.3/1:2] 在馆    
5 0242625   000180869   第一样本阅览室/ [索取号:I242.3/1:2] 在馆    
唐山师范学院图书馆 欢迎您!
大连网信软件有限公司© 版权所有